Clinical exercise physiology
Guardat en:
| Autors principals: | , , , |
|---|---|
| Format: | Llibre |
| Idioma: | anglès |
| Publicat: |
Champaign
Human Kinetics
2003
|
| Matèries: | |
| Etiquetes: |
Afegir etiqueta
Sense etiquetes, Sigues el primer a etiquetar aquest registre!
|
MARC
| LEADER | 00000nam a2200000 a 4500 | ||
|---|---|---|---|
| 001 | UCK7103 | ||
| 003 | CL-VaPUC | ||
| 008 | 051111e20030000US |||||||||||||||||eng|d | ||
| 020 | |a 0736002529 | ||
| 082 | 0 | 4 | |a 615.82 |b EHR |2 21 |
| 100 | 0 | |a Ehrman, Jonathan K |e author |9 496532 | |
| 700 | 0 | |a Gordon, Paul M |e author |9 496533 | |
| 700 | 0 | |a Visich, Paul S |e author |9 496534 | |
| 700 | 0 | |a Keteyian, Steven J |e author |9 496535 | |
| 245 | 1 | 0 | |a Clinical exercise physiology |
| 300 | |a 619 p | ||
| 942 | |c BK | ||
| 945 | |d 20051111 00:00:00 |a cmena | ||
| 260 | |a Champaign |b Human Kinetics |c 2003 | ||
| 650 | 0 | |a Fisioterapia |9 307408 | |
| 650 | 0 | |a Ejercicios físicos |9 307296 | |
| 650 | 7 | |a FISIOLOGIA |2 CL-VaPUC |9 496536 | |
| 583 | |a last modification |c 20051111 00:00:00 |k Rodrigo Vera | ||
| 999 | |c 315154 |d 315152 | ||
| 952 | |0 0 |1 0 |4 0 |6 615_820000000000000_EHR_2003 |7 0 |8 A |9 388114 |a BIBCUR |b BIBCUR |d 2019-11-22 |i 4179528 |o 615.82 EHR 2003 |p 4179528 |r 2025-04-22 |w 2019-11-22 |y BK |k KIN | ||